000 00696nas a2200229 4500
001 BR7306530
003 BR-BrBNA
005 20231205082610.0
007 ta
008 230509b bl.|||p| |||| 00| 00por d
040 _aBR-BrBNA
_bpor
_cBiblioteca Nacional de Agricultura
041 _a(Pt)
072 _aL00; N10
100 1 _aBarros, H.M.
245 1 _aModelos de currais e tronco de apartacao para criacoes extensivas de bovinos
650 _aBOVINO
650 _aINSTALACAO AGRICOLA
650 _aCURRAL
773 0 _tAtualidades Agroveterinarias (Brazil)
_xISSN 0100-2643
_g(Nov 1976), v. 4(25) p. 28-31
_wBR7306530
909 _a202311
_bLúcia
_c55
_dLúcia Elande
942 _2AGRIS
_n0
_cANA
999 _c93123
_d93123